[Aj ekonómia je veda]
Recenzia na publikáciu, ktorá bilancuje polstoročnú vedeckú ekonomickú dráhu a poskytuje pohľad na ekonomickú vedu.
Gespeichert in:
| 1. Verfasser: | |
|---|---|
| Format: | Buchkapitel |
| Sprache: | Slowakisch |
| Schlagworte: | |
| Tags: |
Keine Tags, Fügen Sie das erste Tag hinzu!
|
MARC
| LEADER | 00000naa a2200000 4500 | ||
|---|---|---|---|
| 001 | 0251913 | ||
| 005 | 20190313123406.6 | ||
| 041 | 0 | |a slo | |
| 044 | |a SK | ||
| 245 | 1 | 0 | |a [Aj ekonómia je veda] |c Vladimír Choluj |
| 520 | |a Recenzia na publikáciu, ktorá bilancuje polstoročnú vedeckú ekonomickú dráhu a poskytuje pohľad na ekonomickú vedu. | ||
| 610 | 2 | 0 | |a recenzie |
| 610 | 2 | 0 | |a teórie ekonomické |
| 610 | 2 | 0 | |a veda ekonomická |
| 100 | 1 | |a Choluj, Vladimír | |